000 00792nam a22002177a 4500
005 20150708161946.0
008 140714b xxu||||| |||| 00| 0 Urdu d
010 _aUR-9179
020 _c200.00
_a9789383882045
035 _aU-7734
037 _bBPPD/Pub/Ven
040 _aDPL
_bUrdu
082 _a270
100 _aمر زا بشير ا لد ين محمو د ا حمد
245 _aا نو ا ر ا لعلو م جلد -19
_cمر زا بشير ا لد ين محمو د ا حمد
246 h _aAnwar-ul-Uloom Vol-19
_bBy Hadhrat Mirza Basheeruddin Mehmood Ahmad
260 _bNazarat Nasherwa Ashat Sader Anjuman
_c2014
_aPunjab
270 _aZila Gurudass Pur,,Punjab,
_bPunjab
_k -
_e143516
300 _a616+30ص
_c22Cm (Hb)
942 _2ddc
_cUR
_e
_h270
_mب ش ی
999 _c94744
_d94744